00745nam a2200241 a 4500001001300000003000900013005001700022008004100039020001000080082001500090100002200105245007700127260003500204300000900239500003500248505002400283650003100307700002200338902000800360942000700368952011500375999001300490nice12345678IN_TiNIC20260116011356.0050524s1962 lona grp 000 0 eng  ac10000a232.6bHUG aHughes, Archibald aNew Heaven and a New Earthb An Introductory Study of the Sencond Advent aLondonbMarshal Brothersc1962 a233p aincludes index and biblioraphy2 aIndex, Bibliography aJesus Christ-Second Coming1 aHughes, Archibald bSRS cBK 001040708StackRoom-aHMIbHMId2007-06-20g100.00l0o232.6 HUGp03969r2007-06-20v100.00w2005-05-24yBK c985d985